000 00573nam a2200181Ia 4500
008 100917s9999 xx 000 0 und d
082 _b13191
100 _aपारखे म. स.
245 _aराजराजेश्वर परशुराम
260 _bमोंडकर भटवाडी
_c1966
300 _a123
365 _b7
520 _aनिबंध
630 _aराजराजेश्वर परशुराम
650 _aनिबंध
730 _aराजराजेश्वर परशुराम
942 _cBOOK
999 _c618585
_d618582